V nemocnici pribudli tri ambulancie

Bibliographic Details
Format: Article
Language:Slovak
PhysicalDescription:Fotogr.
ISSN:1210-2423
Subjects:

MARC

LEADER 00000nab a2200000 ar4500
001 vtls010537566
003 SK-MaSNL
005 20260304171536.0
008 171110c2013 xo wr|p|||||||000 b|slo
038 |a PPPK 
040 |a PPPKCL  |b slo  |c PPPKCL  |e AACR2 
041 0 |a slo 
044 |a xo  |c SK 
080 |a 614.2:725.511  |2 2001 
080 |a 614.2:725.5  |2 2001 
080 |a 616-082  |2 2001 
245 0 0 |a V nemocnici pribudli tri ambulancie  |c [text a foto] (bel) 
300 |b Fotogr. 
610 2 7 |a Nemocnica Poprad (Poprad, Slovensko)  |2 pppkcl  |9 268221 
648 7 |a 13.5.2013  |2 pppkcl  |9 1500034 
650 0 7 |a zdravotníctvo  |2 snkbucl  |9 1269 
650 0 7 |a nemocnice  |2 pppkcl  |9 3008 
650 0 7 |a zdravotnícke zariadenia  |2 pppkcl  |9 3009 
650 0 7 |a ambulantná starostlivosť  |2 pppkcl  |9 16081 
650 0 7 |a ambulancie  |2 pppkcl  |9 408348 
650 0 7 |a slávnostné otvorenie  |2 pppkcl  |9 448877 
651 7 |a Poprad (Slovensko)  |2 pppkcl  |9 20155 
773 0 |t Podtatranské noviny  |g Roč. LIV, č. 21 (2013), s. 3  |x 1210-2423 
852 |a PPPK  |b KIS3GCP 
999 |c 2994039  |d 2995969